000
00273pam a2200121 a 4500
020
_c
041
_a
eng
100
_a
Newton Eriz.
245
_a
European Penting & Seulpture
_h
Textual Documents
260
_a
New York
_b
Penguin Books Ltd
300
_a
125p.
930
_a
15273
999
_c
92173
_d
92173